000
00215 a2200097 4500
001
18468
100
_a
Wellhansen J
245
_a
Arab kingdom and its fall
260
_a
_b
curzon press
_c
1973
090
_c
13705
_d
13705
942
_a
NUST-CAE
_c
M
_c
4120
999
_c
253541
_d
253541